| 000 | 00447cam a2200193ua 4500 | ||
|---|---|---|---|
| 001 | 11328 | ||
| 005 | 20260515114735.0 | ||
| 008 | 190912n ii |||gr||||Z||||||eng | ||
| 040 | _cMAIN | ||
| 041 | _aeng | ||
| 082 | _a336 | ||
| 100 |
_aR K Lekhi, _eAuthor. |
||
| 245 |
_aPublic finance _cBy R K Lekhi |
||
| 250 | _a5th rev. | ||
| 260 |
_aNew Delhi: _bKalyani publishers, _c1996. |
||
| 300 | _a506p. | ||
| 653 | _aPublic finance | ||
| 942 | _cBK | ||
| 999 |
_c10164 _d10164 |
||